<?xml version="1.0" encoding="UTF-8"?>
<collection xmlns="http://www.loc.gov/MARC21/slim">
 <record>
  <leader>03876cam a2200661 ca4500</leader>
  <controlfield tag="001">1759421510</controlfield>
  <controlfield tag="003">DE-627</controlfield>
  <controlfield tag="005">20260418020107.0</controlfield>
  <controlfield tag="007">tu</controlfield>
  <controlfield tag="008">210602m20212021gw |||||      00| ||ger c</controlfield>
  <datafield tag="016" ind1="7" ind2=" ">
   <subfield code="a">1227184204</subfield>
   <subfield code="2">DE-101</subfield>
  </datafield>
  <datafield tag="020" ind1=" " ind2=" ">
   <subfield code="a">9783787336487</subfield>
   <subfield code="q">Broschur : circa EUR 104.99</subfield>
   <subfield code="9">978-3-7873-3648-7</subfield>
  </datafield>
  <datafield tag="020" ind1=" " ind2=" ">
   <subfield code="a">3787336486</subfield>
   <subfield code="9">3-7873-3648-6</subfield>
  </datafield>
  <datafield tag="035" ind1=" " ind2=" ">
   <subfield code="a">(DE-627)1759421510</subfield>
  </datafield>
  <datafield tag="035" ind1=" " ind2=" ">
   <subfield code="a">(DE-603)48024913X</subfield>
  </datafield>
  <datafield tag="035" ind1=" " ind2=" ">
   <subfield code="a">(DE-599)KXP1759421510</subfield>
  </datafield>
  <datafield tag="035" ind1=" " ind2=" ">
   <subfield code="a">(OCoLC)1267473724</subfield>
  </datafield>
  <datafield tag="040" ind1=" " ind2=" ">
   <subfield code="a">DE-627</subfield>
   <subfield code="b">ger</subfield>
   <subfield code="c">DE-627</subfield>
   <subfield code="e">rda</subfield>
  </datafield>
  <datafield tag="041" ind1=" " ind2=" ">
   <subfield code="a">ger</subfield>
  </datafield>
  <datafield tag="044" ind1=" " ind2=" ">
   <subfield code="c">XA-DE-HH</subfield>
  </datafield>
  <datafield tag="082" ind1="0" ind2="4">
   <subfield code="a">100</subfield>
   <subfield code="a">700</subfield>
   <subfield code="q">DE-101</subfield>
  </datafield>
  <datafield tag="084" ind1=" " ind2=" ">
   <subfield code="a">KUNST</subfield>
   <subfield code="q">DE-16</subfield>
   <subfield code="2">fid</subfield>
  </datafield>
  <datafield tag="084" ind1=" " ind2=" ">
   <subfield code="a">CI 1180</subfield>
   <subfield code="2">rvk</subfield>
   <subfield code="0">(DE-625)rvk/18366:</subfield>
  </datafield>
  <datafield tag="084" ind1=" " ind2=" ">
   <subfield code="a">CI 2133</subfield>
   <subfield code="2">rvk</subfield>
   <subfield code="0">(DE-625)rvk/18384:11602</subfield>
  </datafield>
  <datafield tag="084" ind1=" " ind2=" ">
   <subfield code="a">CI 2147</subfield>
   <subfield code="2">rvk</subfield>
   <subfield code="0">(DE-625)rvk/18384:11616</subfield>
  </datafield>
  <datafield tag="084" ind1=" " ind2=" ">
   <subfield code="a">LH 62000</subfield>
   <subfield code="2">rvk</subfield>
   <subfield code="0">(DE-625)rvk/94235:</subfield>
  </datafield>
  <datafield tag="084" ind1=" " ind2=" ">
   <subfield code="a">20.01</subfield>
   <subfield code="2">bkl</subfield>
  </datafield>
  <datafield tag="084" ind1=" " ind2=" ">
   <subfield code="a">20.03</subfield>
   <subfield code="2">bkl</subfield>
  </datafield>
  <datafield tag="100" ind1="1" ind2=" ">
   <subfield code="a">Collenberg-Plotnikov, Bernadette</subfield>
   <subfield code="d">1963-</subfield>
   <subfield code="e">VerfasserIn</subfield>
   <subfield code="e">HerausgeberIn</subfield>
   <subfield code="0">(DE-588)12076640X</subfield>
   <subfield code="0">(DE-627)080876021</subfield>
   <subfield code="0">(DE-576)166844756</subfield>
   <subfield code="4">aut</subfield>
   <subfield code="4">edt</subfield>
  </datafield>
  <datafield tag="245" ind1="1" ind2="4">
   <subfield code="a">Die Allgemeine Kunstwissenschaft (1906-1943)</subfield>
   <subfield code="c">von Bernadette Collenberg-Plotnikov</subfield>
  </datafield>
  <datafield tag="264" ind1=" " ind2="1">
   <subfield code="a">Hamburg</subfield>
   <subfield code="b">Felix Meiner Verlag</subfield>
   <subfield code="c">[2021]</subfield>
  </datafield>
  <datafield tag="336" ind1=" " ind2=" ">
   <subfield code="a">Text</subfield>
   <subfield code="b">txt</subfield>
   <subfield code="2">rdacontent</subfield>
  </datafield>
  <datafield tag="337" ind1=" " ind2=" ">
   <subfield code="a">ohne Hilfsmittel zu benutzen</subfield>
   <subfield code="b">n</subfield>
   <subfield code="2">rdamedia</subfield>
  </datafield>
  <datafield tag="338" ind1=" " ind2=" ">
   <subfield code="a">Band</subfield>
   <subfield code="b">nc</subfield>
   <subfield code="2">rdacarrier</subfield>
  </datafield>
  <datafield tag="490" ind1="0" ind2=" ">
   <subfield code="a">Zeitschrift für Ästhetik und Allgemeine Kunstwissenschaft</subfield>
   <subfield code="a">Sonderheft</subfield>
  </datafield>
  <datafield tag="500" ind1=" " ind2=" ">
   <subfield code="a">2 Bände 2021</subfield>
  </datafield>
  <datafield tag="650" ind1="0" ind2="7">
   <subfield code="0">(DE-588)4120632-0</subfield>
   <subfield code="0">(DE-627)105775118</subfield>
   <subfield code="0">(DE-576)209536748</subfield>
   <subfield code="a">Kunstwissenschaft</subfield>
   <subfield code="2">gnd</subfield>
  </datafield>
  <datafield tag="650" ind1="0" ind2="7">
   <subfield code="0">(DE-588)4000626-8</subfield>
   <subfield code="0">(DE-627)106400541</subfield>
   <subfield code="0">(DE-576)208838821</subfield>
   <subfield code="a">Ästhetik</subfield>
   <subfield code="2">gnd</subfield>
  </datafield>
  <datafield tag="689" ind1="0" ind2="0">
   <subfield code="d">s</subfield>
   <subfield code="0">(DE-588)4120632-0</subfield>
   <subfield code="0">(DE-627)105775118</subfield>
   <subfield code="0">(DE-576)209536748</subfield>
   <subfield code="a">Kunstwissenschaft</subfield>
   <subfield code="2">gnd</subfield>
  </datafield>
  <datafield tag="689" ind1="0" ind2="1">
   <subfield code="d">s</subfield>
   <subfield code="0">(DE-588)4117665-0</subfield>
   <subfield code="0">(DE-627)105797499</subfield>
   <subfield code="0">(DE-576)209511842</subfield>
   <subfield code="a">Wissenschaftstheorie</subfield>
   <subfield code="2">gnd</subfield>
  </datafield>
  <datafield tag="689" ind1="0" ind2="2">
   <subfield code="a">z</subfield>
   <subfield code="2">gnd</subfield>
   <subfield code="a">Geschichte 1906-1943</subfield>
  </datafield>
  <datafield tag="689" ind1="0" ind2=" ">
   <subfield code="5">(DE-627)</subfield>
  </datafield>
  <datafield tag="710" ind1="2" ind2=" ">
   <subfield code="a">Felix Meiner Verlag</subfield>
   <subfield code="e">Verlag</subfield>
   <subfield code="0">(DE-588)5020777-5</subfield>
   <subfield code="0">(DE-627)103084282</subfield>
   <subfield code="0">(DE-576)193667568</subfield>
   <subfield code="4">pbl</subfield>
  </datafield>
  <datafield tag="787" ind1="0" ind2="8">
   <subfield code="i">Rezensiert in</subfield>
   <subfield code="a">Bonneau, Lara, 1985 - </subfield>
   <subfield code="t">[Rezension von: Bernadette Collenberg-Plotnikov, Die Allgemeine Kunstwissenschaft (1906-1943)]</subfield>
   <subfield code="d">2022</subfield>
   <subfield code="w">(DE-627)1876579188</subfield>
  </datafield>
  <datafield tag="936" ind1="r" ind2="v">
   <subfield code="a">CI 1180</subfield>
   <subfield code="b">Geschichte</subfield>
   <subfield code="k">Philosophie</subfield>
   <subfield code="k">Geschichte der Philosophie</subfield>
   <subfield code="k">Geschichte der Philosophie des Abendlandes von Antike bis 20. Jahrhundert</subfield>
   <subfield code="k">Philosophie des 20. Jahrhunderts</subfield>
   <subfield code="k">Deutschland und deutschsprachige Länder</subfield>
   <subfield code="k">Geschichte</subfield>
   <subfield code="0">(DE-627)1270648330</subfield>
   <subfield code="0">(DE-625)rvk/18366:</subfield>
   <subfield code="0">(DE-576)200648330</subfield>
  </datafield>
  <datafield tag="936" ind1="r" ind2="v">
   <subfield code="a">CI 2133</subfield>
   <subfield code="b">Anthologien, Auszüge</subfield>
   <subfield code="k">Philosophie</subfield>
   <subfield code="k">Geschichte der Philosophie</subfield>
   <subfield code="k">Geschichte der Philosophie des Abendlandes von Antike bis 20. Jahrhundert</subfield>
   <subfield code="k">Philosophie des 20. Jahrhunderts</subfield>
   <subfield code="k">Deutschland und deutschsprachige Länder</subfield>
   <subfield code="k">Autoren</subfield>
   <subfield code="k">Autoren D</subfield>
   <subfield code="k">Dessoir, Max</subfield>
   <subfield code="k">Anthologien, Auszüge</subfield>
   <subfield code="0">(DE-627)1273564820</subfield>
   <subfield code="0">(DE-625)rvk/18384:11602</subfield>
   <subfield code="0">(DE-576)203564820</subfield>
  </datafield>
  <datafield tag="936" ind1="r" ind2="v">
   <subfield code="a">CI 2147</subfield>
   <subfield code="b">Abhandlungen, Studien</subfield>
   <subfield code="k">Philosophie</subfield>
   <subfield code="k">Geschichte der Philosophie</subfield>
   <subfield code="k">Geschichte der Philosophie des Abendlandes von Antike bis 20. Jahrhundert</subfield>
   <subfield code="k">Philosophie des 20. Jahrhunderts</subfield>
   <subfield code="k">Deutschland und deutschsprachige Länder</subfield>
   <subfield code="k">Autoren</subfield>
   <subfield code="k">Autoren D</subfield>
   <subfield code="k">Dessoir, Max</subfield>
   <subfield code="k">Abhandlungen, Studien</subfield>
   <subfield code="0">(DE-627)1273564944</subfield>
   <subfield code="0">(DE-625)rvk/18384:11616</subfield>
   <subfield code="0">(DE-576)203564944</subfield>
  </datafield>
  <datafield tag="936" ind1="r" ind2="v">
   <subfield code="a">LH 62000</subfield>
   <subfield code="b">Allgemeines (Berufsfragen s. LH 61190)</subfield>
   <subfield code="k">Kunstgeschichte</subfield>
   <subfield code="k">Allgemeines. Allgemeine Kunstgeschichte</subfield>
   <subfield code="k">Geschichte der Kunstwissenschaft</subfield>
   <subfield code="k">Allgemeines (Berufsfragen s. LH 61190)</subfield>
   <subfield code="0">(DE-627)1271071983</subfield>
   <subfield code="0">(DE-625)rvk/94235:</subfield>
   <subfield code="0">(DE-576)201071983</subfield>
  </datafield>
  <datafield tag="936" ind1="b" ind2="k">
   <subfield code="a">20.01</subfield>
   <subfield code="j">Geschichte der Kunstwissenschaften</subfield>
   <subfield code="0">(DE-627)106406485</subfield>
  </datafield>
  <datafield tag="936" ind1="b" ind2="k">
   <subfield code="a">20.03</subfield>
   <subfield code="j">Methoden und Techniken der Kunstwissenschaften</subfield>
   <subfield code="0">(DE-627)10640637X</subfield>
  </datafield>
  <datafield tag="936" ind1="s" ind2="n">
   <subfield code="a">l300</subfield>
   <subfield code="2">mzub</subfield>
  </datafield>
  <datafield tag="936" ind1="s" ind2="n">
   <subfield code="a">c100</subfield>
   <subfield code="2">mzub</subfield>
  </datafield>
  <datafield tag="951" ind1=" " ind2=" ">
   <subfield code="a">MC</subfield>
  </datafield>
  <datafield tag="990" ind1=" " ind2=" ">
   <subfield code="a">Kunstwissenschaft</subfield>
  </datafield>
  <datafield tag="990" ind1=" " ind2=" ">
   <subfield code="a">Wissenschaftstheorie</subfield>
  </datafield>
  <datafield tag="990" ind1=" " ind2=" ">
   <subfield code="a">Geschichte 1906-1943</subfield>
  </datafield>
  <datafield tag="991" ind1=" " ind2=" ">
   <subfield code="a">Rezensiertes Werk</subfield>
  </datafield>
  <datafield tag="999" ind1=" " ind2=" ">
   <subfield code="a">KXP-PPN1759421510</subfield>
   <subfield code="e">4967428673</subfield>
  </datafield>
 </record>
</collection>
